Projekty pre regionálny rozvoj
Na minha lista:
| Autor principal: | |
|---|---|
| Outros Autores: | |
| Formato: | Livro |
| Idioma: | eslovaco |
| Publicado em: |
Bratislava
ERA OZ
2005
|
| Assuntos: | |
| Tags: |
Sem tags, seja o primeiro a adicionar uma tag!
|
MARC
| LEADER | 00000nam$a2200000$$$4500 | ||
|---|---|---|---|
| 001 | 0036645 | ||
| 005 | 20240502071452.0 | ||
| 020 | |a 80-969367-0-0 | ||
| 041 | 0 | |a slo | |
| 044 | |a SK | ||
| 245 | 1 | 0 | |a Projekty pre regionálny rozvoj |c Peter Filo, Júlia Lipianska |
| 264 | 1 | |a Bratislava |b ERA OZ |c 2005 | |
| 300 | |a 143 s. | ||
| 610 | 2 | 0 | |a projekty |
| 610 | 2 | 0 | |a rozvoj regionálny |
| 610 | 2 | 0 | |a riadenie projektové |
| 610 | 2 | 0 | |a dokumentácia projektová |
| 610 | 2 | 0 | |a financovanie |
| 610 | 2 | 0 | |a rozpočty |
| 610 | 2 | 0 | |a kalkulácia |
| 610 | 2 | 0 | |a zdroje finančné |
| 610 | 2 | 0 | |a obstarávanie verejné |
| 610 | 2 | 0 | |a mix komunikačný |
| 610 | 2 | 0 | |a projekty investičné |
| 610 | 2 | 0 | |a legislatíva |
| 100 | 1 | |a Filo, Peter | |
| 700 | 1 | |a Lipianska, Júlia | |